| 000 | 00554nac a22001691u 4500 | ||
|---|---|---|---|
| 008 | 100923t2004 xxu|||||r|||| 00| 0 eng d | ||
| 020 | _a812030943X | ||
| 020 | _a9788120309432 | ||
| 082 |
_a620.0042 _bDEB _222 |
||
| 100 |
_aDeb, Kalyanmoy. _919844 |
||
| 245 |
_aOptimization for Engineering Design : _bAlgorithms and Examples / _cKalyanmoy Deb. |
||
| 260 |
_aNew Delhi : _bPrentice-Hall, _c2004. |
||
| 300 |
_axiv, 381 p. : _bill. ; _c25 cm. |
||
| 500 | _aIncludes index. | ||
| 650 |
_aEngineering design. _919845 |
||
| 942 |
_cBB _k620.0042DEB _2ddc |
||
| 999 |
_c830 _d830 |
||